000 00419nam a2200145Ia 4500
008 230312s9999||||xx |||||||||||||| ||und||
020 _a9789698455729
082 _a891.4
_bIRS-A
100 _aارشاد راؤ
245 0 _aعدالتِ عظمیٰ سے چیرمین ذوالفقارعلی بھٹو کا تاریخی خطاب
260 _bJamhori
_apak
_c2011
300 _a134
650 _aLiterature
942 _cBK
999 _c14903
_d14903